| 000 | 01243nam a2200325 i 4500 | ||
|---|---|---|---|
| 003 | EG-GICUC | ||
| 005 | 20260121101651.0 | ||
| 008 | 260105s1975 ua ad||f |||| 00| 0 ara d | ||
| 017 | _a1974/4592 | ||
| 040 |
_a EG-GICUC _bara _c EG-GICUC _d EG-GICUC _erda |
||
| 041 | _aara | ||
| 082 | 0 | 4 |
_221 _a345.7 _bع ب . ن |
| 092 | 0 | 4 | _221 |
| 099 | _aLaw1 07 345.7 ع ب . ن 1 ed - 1975 | ||
| 100 | 0 |
_aعبد المجيد فياض _eمؤلف. |
|
| 245 | 1 | 0 |
_aنظرية الجزاءات في العقد الإداري : _bدراسة مقارنة / _cدكتور عبد المجيد فياض . |
| 250 | _aالطبعة الأولى | ||
| 264 | 1 |
_aالقاهرة : _bدار الفكر العربي ، _c1975 . |
|
| 300 |
_a365 ؛ صفحة _bإيضاحيات، جداول ؛ _c24 سم |
||
| 336 |
_2rda content _atext |
||
| 337 |
_2rda media _aComputer |
||
| 338 |
_2rda carrier _aOnline Resource |
||
| 504 | _a. 365-357 ببليوجرافيا: صفحات. | ||
| 504 | _aيشتمل على إرجاعات ببليوجرافية | ||
| 650 | 1 | 4 |
_aالعقود الإدارية _xالقانون الإداري _2qrmak |
| 651 | 1 | _2qrmak | |
| 856 | 4 | 0 | _uhttps://fll.law.cu.edu.eg/fulltext/bks/B07-02574.pdf |
| 905 | _a61 | ||
| 942 |
_2ddc _cBK _e21 _n0 |
||
| 999 |
_c54738 _d54738 |
||